[Event "10th EUR-ch (w)"]
[Site "Sankt Petersburg RUS"]
[Date "2009.03.10"]
[Round "3"]
[White "Galoian, Lilit"]
[Black "Muzychuk, Maria"]
[Result "1/2-1/2"]
[WhiteElo "2316"]
[BlackElo "2427"]
[EventDate "2009.03.08"]
[PlyCount "106"]

1.Nf3 Nf6 2.d4 c5 3.d5 e6 4.c4 b5 5.Bg5 Qa5+ 6.Nc3 Ne4 7.Bd2 Nxd2 8.Qxd2 
b4 9.Nd1 d6 10.e4 Be7 11.Ne3 O-O 12.Bd3 Nd7 13.O-O Qc7 14.Rfe1 Ne5 15.Nxe5
dxe5 16.a3 a5 17.Bc2 Bd7 18.Red1 Bg5 19.b3 Qb6 20.a4 Rad8 21.Qe2 Bc8 22.
Re1 f5 23.f3 g6 24.Rad1 Rd6 25.dxe6 Bxe3+ 26.Qxe3 f4 27.Rxd6 Qxd6 28.Qd3 
Qxd3 29.Bxd3 Bxe6 30.Rd1 Rd8 31.Be2 Rd4 32.Rxd4 exd4 33.h4 h6 34.Kf2 Kg7 
35.Bd3 Kf6 36.Kg1 g5 37.hxg5+ hxg5 38.Kh2 g4 39.Kg1 Kg5 40.Kf2 Bf7 41.Kf1 
Bh5 42.Kf2 Kf6 43.Ke2 Bf7 44.Kf2 Kg5 45.Kf1 Kh4 46.Kf2 Be6 47.Bf1 Kg5 48.
Bd3 Bf7 49.Kf1 Bh5 50.Kf2 Kf6 51.Ke2 g3 52.Kf1 Ke5 53.Ke2 Be8 1/2-1/2

[Event "10th EUR-ch (w)"]
[Site "Sankt Petersburg RUS"]
[Date "2009.03.10"]
[Round "3"]
[White "Shadrina, Tatiana"]
[Black "Paikidze, Nazi"]
[Result "1-0"]
[WhiteElo "2416"]
[BlackElo "2280"]
[EventDate "2009.03.08"]
[PlyCount "85"]

1.e4 c5 2.Nf3 d6 3.d4 cxd4 4.Nxd4 Nf6 5.Nc3 Nc6 6.Bg5 e6 7.Qd2 a6 8.O-O-O 
Be7 9.f4 Nxd4 10.Qxd4 b5 11.Bxf6 gxf6 12.f5 Bd7 13.Be2 Qc7 14.Bh5 O-O 15.
Rd3 b4 16.Qxb4 Rab8 17.Qd4 d5 18.Rg3+ Kh8 19.exd5 Rb4 20.Qd3 Qf4+ 21.Kb1 
Qxf5 22.Qxf5 exf5 23.Rd3 Bd6 24.h3 Be5 25.b3 Rc8 26.Ne2 Kg7 27.Kc1 a5 28.
a4 Rcb8 29.Kd2 Bc8 30.g3 Kf8 31.Rd1 Ba6 32.Re3 Rc8 33.c4 Rcb8 34.Kc2 Bxc4 
35.bxc4 Rb2+ 36.Kc1 R8b4 37.Nc3 f4 38.Rxe5 fxe5 39.gxf4 exf4 40.d6 Ke8 41.
c5 Rg2 42.Be2 f3 43.c6 1-0

[Event "10th EUR-ch (w)"]
[Site "Sankt Petersburg RUS"]
[Date "2009.03.10"]
[Round "3"]
[White "Kovanova, Baira"]
[Black "Cherenkova, Kristina"]
[Result "1-0"]
[WhiteElo "2386"]
[BlackElo "2270"]
[EventDate "2009.03.08"]
[PlyCount "59"]

1.e4 e5 2.Nf3 Nc6 3.Bb5 Nf6 4.d3 d6 5.c3 g6 6.O-O Bg7 7.Nbd2 O-O 8.Re1 a6 
9.Ba4 b5 10.Bc2 Bb7 11.Nf1 Nb8 12.d4 Nbd7 13.Ng3 Re8 14.a4 exd4 15.cxd4 c5
16.Bf4 Nf8 17.axb5 axb5 18.Rxa8 Bxa8 19.d5 Qb6 20.Qd2 N8d7 21.h3 Bb7 22.b4
Ra8 23.bxc5 Nxc5 24.Bh6 Qa5 25.Qg5 Bxh6 26.Qxh6 Qd8 27.Nd4 b4 28.Ngf5 gxf5
29.Nxf5 Ne8 30.e5 1-0

[Event "10th EUR-ch (w)"]
[Site "Sankt Petersburg RUS"]
[Date "2009.03.10"]
[Round "3"]
[White "Bodnaruk, Anastasia"]
[Black "Makropoulou, Marina"]
[Result "1-0"]
[WhiteElo "2384"]
[BlackElo "2262"]
[EventDate "2009.03.08"]
[PlyCount "63"]

1.e4 e5 2.Nf3 Nc6 3.d4 exd4 4.Nxd4 Bc5 5.Be3 Qf6 6.c3 d6 7.Bb5 Bd7 8.O-O 
Nge7 9.f4 O-O 10.Be2 Rfe8 11.Qd2 a6 12.Kh1 Rad8 13.f5 h6 14.g4 d5 15.g5 
hxg5 16.Bxg5 Qd6 17.f6 Ng6 18.fxg7 Rxe4 19.Bxd8 Nxd8 20.Na3 Bxd4 21.cxd4 
Ne6 22.Nc2 Nxg7 23.Rf2 Rh4 24.Ne3 Bf5 25.Bf3 Be4 26.Bxe4 dxe4 27.Raf1 c5 
28.dxc5 Qxd2 29.Rxd2 Ne5 30.Rg2 Ng6 31.Nd5 Ne6 32.Ne7+ 1-0

[Event "10th EUR-ch (w)"]
[Site "Sankt Petersburg RUS"]
[Date "2009.03.10"]
[Round "3"]
[White "Gvetadze, Sopio"]
[Black "Martynova, Anastasia"]
[Result "1-0"]
[WhiteElo "2377"]
[BlackElo "1894"]
[EventDate "2009.03.08"]
[PlyCount "57"]

1.e4 e6 2.Qe2 c5 3.g3 Nc6 4.Nf3 d5 5.exd5 Qxd5 6.Nc3 Qd7 7.Bg2 Nf6 8.d3 
Be7 9.O-O O-O 10.Ne4 Nd4 11.Nxd4 cxd4 12.c4 dxc3 13.bxc3 Rd8 14.d4 Qc7 15.
Bf4 Qa5 16.Rfc1 Nxe4 17.Bxe4 Bd6 18.Bd2 Rb8 19.c4 Bb4 20.Bf4 Bd6 21.Be3 b6
22.Rab1 Bd7 23.c5 bxc5 24.dxc5 Bb5 25.Rxb5 Rxb5 26.cxd6 Rbb8 27.Bf4 Qa3 
28.Rc7 Rb2 29.Bxh7+ 1-0

[Event "10th EUR-ch (w)"]
[Site "Sankt Petersburg RUS"]
[Date "2009.03.10"]
[Round "3"]
[White "Popova, Natalia"]
[Black "Cherednichenko, Svetlana"]
[Result "0-1"]
[WhiteElo "2266"]
[BlackElo "2367"]
[EventDate "2009.03.08"]
[PlyCount "94"]

1.e4 d6 2.d4 Nf6 3.Nc3 g6 4.Nf3 Bg7 5.h3 c6 6.Be3 Qa5 7.Nd2 Nbd7 8.a4 O-O 
9.Be2 e5 10.dxe5 dxe5 11.O-O Rd8 12.Qc1 Nf8 13.Nc4 Qc7 14.a5 Ne6 15.Bd3 
Nh5 16.Rd1 Nhf4 17.Ne2 Rxd3 18.Ng3 Rxd1+ 19.Qxd1 c5 20.Ra3 Bd7 21.Nb6 Rd8 
22.Nd5 Nxd5 23.exd5 Nd4 24.Ne4 f5 25.Bg5 fxe4 26.Bxd8 Qxd8 27.Re3 Qxa5 28.
c3 Nf5 29.Rxe4 Nd6 30.Re1 c4 31.h4 h5 32.Qd2 Qd8 33.Qe3 Qxh4 34.Qxa7 Kh7 
35.Qc5 Qf6 36.Qc7 Bf5 37.Ra1 Be4 38.f3 Bd3 39.Qc5 e4 40.Qf2 exf3 41.Qxf3 
Qe5 42.Qf2 Qxd5 43.Re1 Ne4 44.Qh4 Bf6 45.Qf4 Nf2 46.Kh2 Be5 47.Rxe5 Qxe5 
0-1

[Event "10th EUR-ch (w)"]
[Site "Sankt Petersburg RUS"]
[Date "2009.03.10"]
[Round "3"]
[White "Zhukova, Natalia"]
[Black "Kushka, Alena"]
[Result "1/2-1/2"]
[WhiteElo "2490"]
[BlackElo "2124"]
[EventDate "2009.03.08"]
[PlyCount "87"]

1.d4 Nf6 2.Nf3 c5 3.d5 b5 4.c4 Bb7 5.a4 bxc4 6.Nc3 e6 7.e4 exd5 8.exd5 d6 
9.Bxc4 Be7 10.a5 a6 11.O-O O-O 12.h3 Nbd7 13.Bf4 Qc7 14.Re1 Rfe8 15.Qd3 
Nf8 16.Bh2 Ng6 17.Re3 Bf8 18.Rxe8 Nxe8 19.Ne4 Be7 20.Ra3 Bc8 21.Qe2 Nf6 
22.Nxf6+ gxf6 23.Nd2 f5 24.h4 Bxh4 25.Rb3 f4 26.Rb6 Qe7 27.Ne4 Bg4 28.f3 
Re8 29.Bxa6 Bf5 30.Bb5 Rd8 31.a6 Bc8 32.Nxd6 Bxa6 33.Qxe7 Bxe7 34.Nf5 Bxb5
35.Rxb5 Bf8 36.d6 Bxd6 37.Nxd6 Rxd6 38.Kh1 Rd2 39.Bg1 c4 40.Rc5 h6 41.Rxc4
Rxb2 42.Rc8+ Kh7 43.Rc7 Kg8 44.Rc8+ 1/2-1/2

[Event "10th EUR-ch (w)"]
[Site "Sankt Petersburg RUS"]
[Date "2009.03.10"]
[Round "3"]
[White "Kostiukova, Liubov"]
[Black "Peng Zhaoqin"]
[Result "1-0"]
[WhiteElo "2235"]
[BlackElo "2461"]
[EventDate "2009.03.08"]
[PlyCount "83"]

1.d4 Nf6 2.c4 e6 3.g3 Bb4+ 4.Bd2 a5 5.Bg2 d6 6.Nf3 Nbd7 7.O-O e5 8.Bg5 
exd4 9.Nxd4 O-O 10.Nc2 Bc5 11.Nc3 h6 12.Be3 Re8 13.Bd4 a4 14.b4 axb3 15.
axb3 Rxa1 16.Qxa1 c6 17.Rd1 Qe7 18.e3 Qe6 19.Rd2 Qf5 20.Qd1 Ne5 21.Bxc5 
dxc5 22.e4 Qe6 23.f4 Nxc4 24.bxc4 Qxc4 25.Qa1 Qb3 26.Qa3 Qb6 27.h3 Be6 28.
Kh2 Bb3 29.e5 Nh7 30.Ne4 c4 31.Nd4 Nf8 32.Nxb3 cxb3 33.Rb2 Ne6 34.Qxb3 Qd4
35.Qxb7 c5 36.Nd6 Rf8 37.Nf5 Qc3 38.Qb3 Qe1 39.Bd5 Rd8 40.Nd6 Nd4 41.Qd3 
Kf8 42.Qh7 1-0

[Event "10th EUR-ch (w)"]
[Site "Sankt Petersburg RUS"]
[Date "2009.03.10"]
[Round "3"]
[White "Matveeva, Svetlana"]
[Black "Huda, Maryana"]
[Result "1-0"]
[WhiteElo "2422"]
[BlackElo "2240"]
[EventDate "2009.03.08"]
[PlyCount "89"]

1.d4 Nf6 2.c4 e6 3.Nc3 Bb4 4.Qc2 O-O 5.a3 Bxc3+ 6.Qxc3 b6 7.Bg5 Bb7 8.e3 
d6 9.Ne2 Nbd7 10.Qc2 h6 11.Bh4 Qe7 12.Nc3 c5 13.Rd1 cxd4 14.Rxd4 Rfd8 15.
Be2 Ne5 16.O-O Ng6 17.Bg3 e5 18.Rd2 d5 19.Rfd1 dxc4 20.Bxc4 Rxd2 21.Rxd2 
Rc8 22.Bb3 Kf8 23.f3 Qc5 24.Qd3 Ne7 25.Bf2 Nc6 26.Qf5 Na5 27.Ba2 Qe7 28.
Bg3 Re8 29.b4 Bc8 30.Qc2 Nb7 31.Nb5 Bd7 32.Nxa7 Ra8 33.Qc7 Ba4 34.Qxb6 Nd8
35.Bxe5 Nd7 36.Rxd7 Qxd7 37.Bd4 Kg8 38.h3 Ne6 39.Bxe6 fxe6 40.b5 e5 41.Bc5
Rd8 42.Nc6 Qd1+ 43.Kh2 Rd2 44.Ne7+ Kh7 45.Qg6+ 1-0

[Event "10th EUR-ch (w)"]
[Site "Sankt Petersburg RUS"]
[Date "2009.03.10"]
[Round "3"]
[White "Peptan, Corina-Isabela"]
[Black "Tsatsalashvili, Keti"]
[Result "1/2-1/2"]
[WhiteElo "2401"]
[BlackElo "2231"]
[EventDate "2009.03.08"]
[PlyCount "123"]

1.e4 c6 2.c4 d5 3.exd5 cxd5 4.cxd5 Nf6 5.Nc3 Nxd5 6.Nf3 Nxc3 7.bxc3 g6 8.
Bc4 Bg7 9.O-O O-O 10.Re1 Nc6 11.h3 Qc7 12.Qe2 Na5 13.Bb3 Nxb3 14.axb3 Re8 
15.Bb2 Be6 16.Ra3 Bd5 17.Ne5 Bxe5 18.Qxe5 Qxe5 19.Rxe5 Bc6 20.c4 a6 21.d4 
e6 22.g4 h6 23.Kh2 f6 24.Re3 Kf7 25.Ra1 h5 26.Rd1 Rad8 27.Kg3 hxg4 28.hxg4
Rh8 29.Rde1 Rde8 30.f3 g5 31.Ba3 Rh7 32.d5 Bd7 33.R3e2 Reh8 34.Rg1 exd5 
35.Re7+ Kg6 36.Rxh7 Rxh7 37.cxd5 Rh8 38.Rd1 Rc8 39.Rd3 a5 40.Re3 Re8 41.
Rd3 Rc8 42.Bb2 Rc2 43.Bc3 Bb5 44.Re3 Re2 45.Rxe2 Bxe2 46.Bxa5 f5 47.Kf2 
Bb5 48.gxf5+ Kxf5 49.Bc7 g4 50.fxg4+ Kxg4 51.Ke3 Kf5 52.Kd4 Be8 53.b4 Ba4 
54.Kc5 Ke4 55.d6 Bc6 56.Bb8 Kf5 57.Kb6 Kf6 58.Kc7 Ke6 59.Ba7 Bd7 60.Bf2 b5
61.Bg3 Be8 62.Bf4 1/2-1/2

[Event "10th EUR-ch (w)"]
[Site "Sankt Petersburg RUS"]
[Date "2009.03.10"]
[Round "3"]
[White "Grabuzova, Tatiana"]
[Black "Makka, Ioulia"]
[Result "1-0"]
[WhiteElo "2332"]
[BlackElo "2203"]
[EventDate "2009.03.08"]
[PlyCount "83"]

1.d4 Nf6 2.c4 e6 3.g3 d5 4.Bg2 Nc6 5.Nf3 dxc4 6.Qa4 Bb4+ 7.Bd2 Nd5 8.Bxb4 
Nxb4 9.Ne5 O-O 10.Nxc6 Nxc6 11.e3 Rb8 12.Qxc4 Na5 13.Qc3 b6 14.O-O Bb7 15.
Rc1 Bxg2 16.Kxg2 Qd5+ 17.Kg1 Rfc8 18.Nd2 h6 19.b4 Nb7 20.Qc6 Qh5 21.Rc2 
Nd6 22.a4 a5 23.b5 Ne8 24.Nc4 Rd8 25.Ne5 Rd5 26.Qc4 Rd6 27.Rac1 Rbd8 28.
Qf1 f6 29.Nc6 R8d7 30.Qg2 Kh8 31.f4 Rd5 32.e4 R5d6 33.Re2 g5 34.g4 Qg6 35.
f5 Qg8 36.Rc4 Ng7 37.e5 fxe5 38.Nxe5 Rd8 39.f6 Nf5 40.gxf5 exf5 41.f7 Qg7 
42.Ng6+ 1-0

[Event "10th EUR-ch (w)"]
[Site "Sankt Petersburg RUS"]
[Date "2009.03.10"]
[Round "3"]
[White "Butuc, Maria"]
[Black "Severiukhina, Zoya"]
[Result "0-1"]
[WhiteElo "2182"]
[BlackElo "2327"]
[EventDate "2009.03.08"]
[PlyCount "84"]

1.e4 e6 2.d4 d5 3.Nc3 Nf6 4.e5 Nfd7 5.f4 c5 6.Nce2 Nc6 7.Nf3 b5 8.a3 Qb6 
9.c3 a5 10.f5 cxd4 11.cxd4 Nd8 12.Nf4 Bb7 13.Bd3 Be7 14.Qe2 b4 15.axb4 
Bxb4+ 16.Bd2 exf5 17.Bxf5 Nf8 18.O-O Nfe6 19.Nxe6 fxe6 20.Bd3 Be7 21.Kh1 
O-O 22.Bg5 Nc6 23.Bxe7 Nxe7 24.Ng5 h6 25.Rxf8+ Rxf8 26.Nf3 Nc6 27.Qd2 Rxf3
28.gxf3 Qxd4 29.Qc3 Qf4 30.Kg2 Nxe5 31.Be2 d4 32.Qb3 Bd5 33.Qb8+ Kh7 34.
Ra3 Qg5+ 35.Kf2 Qh4+ 36.Kg2 Qg5+ 37.Kf2 Ng6 38.Qg3 Qc1 39.Rxa5 Qe3+ 40.Kf1
d3 41.Bd1 Qc1 42.Qe1 d2 0-1

[Event "10th EUR-ch (w)"]
[Site "Sankt Petersburg RUS"]
[Date "2009.03.10"]
[Round "3"]
[White "Avdeenko, Tatiana"]
[Black "Solovyova, Valentina"]
[Result "0-1"]
[WhiteElo "2168"]
[BlackElo "2324"]
[EventDate "2009.03.08"]
[PlyCount "78"]

1.e4 c6 2.d4 d5 3.Nc3 dxe4 4.Nxe4 Nd7 5.Nf3 Ngf6 6.Nxf6+ Nxf6 7.Bc4 Bf5 8.
Qe2 e6 9.Bg5 Be7 10.O-O-O Bg4 11.Kb1 b5 12.Bd3 Nd5 13.Bd2 Qb6 14.Be4 Bxf3 
15.Qxf3 Qxd4 16.Bc3 Qc4 17.Bxg7 Rg8 18.Bd4 f5 19.Qh5+ Kd7 20.Bxf5 exf5 21.
Qxf5+ Kc7 22.Be5+ Kb6 23.Rd4 Qc5 24.Rd3 Bf6 25.Rxd5 Qxd5 26.Qxf6 Rxg2 27.
Re1 Rag8 28.Bg3 Re8 29.Qc3 Rxe1+ 30.Qxe1 Qe4 31.Qc1 h5 32.h4 Qf3 33.b3 a5 
34.Qd1 Ka6 35.Qc1 a4 36.c3 Qe4+ 37.Kb2 Qe2+ 38.Kb1 Qd3+ 39.Kb2 Qxg3 0-1

[Event "10th EUR-ch (w)"]
[Site "Sankt Petersburg RUS"]
[Date "2009.03.10"]
[Round "3"]
[White "Lupik, Marina"]
[Black "Kochetkova, Yulia"]
[Result "0-1"]
[WhiteElo "2163"]
[BlackElo "2315"]
[EventDate "2009.03.08"]
[PlyCount "148"]

1.e4 c5 2.c3 e6 3.d4 d5 4.exd5 Qxd5 5.Nf3 Nf6 6.Na3 Be7 7.Nb5 Na6 8.Be2 
O-O 9.O-O Rd8 10.Bf4 cxd4 11.cxd4 Bd7 12.Nc3 Qa5 13.Ne5 Bc6 14.a3 Qb6 15.
Qc1 Rac8 16.Nc4 Qxd4 17.Be3 Qh4 18.Bg5 Qd4 19.Be3 Qd7 20.Ne5 Qc7 21.Nxc6 
Qxc6 22.Bxa7 Nc5 23.Bf3 Qa6 24.Bxc5 Bxc5 25.Qc2 Qa7 26.Rad1 Rxd1 27.Qxd1 
h6 28.Qb3 b6 29.g3 Qc7 30.Ne4 Nxe4 31.Bxe4 Qe5 32.Bb1 g6 33.a4 Qe2 34.Bd3 
Qf3 35.Bc2 Qf6 36.Kg2 Rd8 37.Qc3 Bd4 38.Qf3 Bxb2 39.Qxf6 Bxf6 40.Rd1 Rc8 
41.Rd2 Rc3 42.Bd1 Ra3 43.Kf1 Be7 44.Ke2 Bc5 45.Bc2 Kg7 46.Bd1 h5 47.Kf1 e5
48.Kg2 e4 49.Re2 f5 50.h4 Kf6 51.Rb2 Bd4 52.Rd2 Ke5 53.Kf1 Bc3 54.Rd8 Bd4 
55.Re8+ Kf6 56.Rd8 Bc5 57.Rd2 Ke5 58.Kg2 Bd4 59.Kf1 Ra1 60.Ke2 Bc3 61.Rd8 
Ra2+ 62.Kf1 Bb4 63.Rd5+ Kf6 64.Bb3 Rb2 65.Bd1 Bc5 66.f3 exf3 67.Rd3 f2 68.
Kg2 Rb4 69.Rc3 Re4 70.Rxc5 bxc5 71.Kxf2 Rb4 72.a5 Rb2+ 73.Be2 Ra2 74.a6 
Ke5 0-1

[Event "10th EUR-ch (w)"]
[Site "Sankt Petersburg RUS"]
[Date "2009.03.10"]
[Round "3"]
[White "Paulet, Iozefina"]
[Black "Korchagina, Viktoria"]
[Result "1-0"]
[WhiteElo "2315"]
[BlackElo "2187"]
[EventDate "2009.03.08"]
[PlyCount "79"]

1.e4 c5 2.Nf3 d6 3.d4 cxd4 4.Nxd4 Nf6 5.Nc3 a6 6.Bc4 e6 7.Bb3 Nbd7 8.Bg5 
Qa5 9.Bxf6 Nxf6 10.O-O Be7 11.f4 O-O 12.Kh1 Bd7 13.Qf3 Rfd8 14.Rae1 Qc5 
15.Rd1 Rac8 16.f5 e5 17.Nde2 Bc6 18.Ng3 b5 19.Nh5 b4 20.Nd5 Bxd5 21.Nxf6+ 
Bxf6 22.Rxd5 Qb6 23.Qh5 Rc7 24.Rd3 Qb7 25.Bd5 Qb5 26.Rfd1 Qb6 27.R1d2 Qb5 
28.g4 h6 29.h4 Rxc2 30.Qxf7+ Kh8 31.g5 Rc1+ 32.Kh2 Qc5 33.Rg2 Rc2 34.gxf6 
Rxg2+ 35.Kxg2 Qc2+ 36.Kg1 Qc1+ 37.Kf2 Qf4+ 38.Ke2 Qh2+ 39.Kd1 Qg1+ 40.Kc2 
1-0

[Event "10th EUR-ch (w)"]
[Site "Sankt Petersburg RUS"]
[Date "2009.03.10"]
[Round "3"]
[White "Manakova, Maria"]
[Black "Cedikova, Katerina"]
[Result "0-1"]
[WhiteElo "2299"]
[BlackElo "2150"]
[EventDate "2009.03.08"]
[PlyCount "106"]

1.d4 Nf6 2.c4 g6 3.Nc3 Bg7 4.e4 d6 5.f3 O-O 6.Be3 Nc6 7.Qd2 a6 8.O-O-O Rb8
9.g4 e5 10.d5 Nd4 11.Nce2 c5 12.dxc6 bxc6 13.Nxd4 exd4 14.Bxd4 d5 15.exd5 
cxd5 16.c5 Re8 17.Ne2 a5 18.Nc3 Rb4 19.Qf2 Bxg4 20.a3 Bh6+ 21.f4 Bxd1 22.
axb4 Bb3 23.Bb5 Ne4 24.Qf3 Re6 25.Nxe4 dxe4 26.Qxb3 Qxd4 27.Bc4 Bxf4+ 28.
Kb1 e3 29.Rd1 Qe4+ 30.Bd3 Qxb4 31.Qc2 Rc6 32.Bc4 Rxc5 33.b3 a4 34.Qe4 Rxc4
35.Qxc4 Qxb3+ 36.Qxb3 axb3 37.Re1 f5 38.Kb2 Kf7 39.Re2 Ke6 40.Kxb3 Ke5 41.
Kc2 Ke4 42.Kd1 Kf3 43.Ke1 h5 44.Kf1 h4 45.Ra2 g5 46.Re2 g4 47.Ra2 h3 48.
Rf2+ Ke4 49.Ra2 Bxh2 50.Rxh2 f4 51.Ra2 Kf3 52.Ra8 h2 53.Rh8 g3 0-1

[Event "10th EUR-ch (w)"]
[Site "Sankt Petersburg RUS"]
[Date "2009.03.10"]
[Round "3"]
[White "Rozhko, Maria"]
[Black "Savina, Anastasia"]
[Result "0-1"]
[WhiteElo "2134"]
[BlackElo "2297"]
[EventDate "2009.03.08"]
[PlyCount "84"]

1.d4 Nf6 2.Nf3 g6 3.Bf4 Bg7 4.e3 d6 5.h3 O-O 6.Be2 Nfd7 7.c3 Nc6 8.Nbd2 e5
9.dxe5 Ndxe5 10.O-O a5 11.a4 Re8 12.Bb5 Bd7 13.Bh2 Re7 14.Nc4 Be6 15.Nfxe5
Nxe5 16.Bxe5 Bxe5 17.Nxe5 dxe5 18.Qc2 c6 19.Be2 Qb6 20.c4 Rd8 21.Rfd1 Red7
22.b3 Qb4 23.Rxd7 Rxd7 24.Rd1 Bf5 25.e4 Rxd1+ 26.Qxd1 Bxe4 27.Bf3 Bxf3 28.
Qxf3 Qe1+ 29.Kh2 Qd2 30.g3 e4 31.Qg2 f5 32.g4 f4 33.Qxe4 Qxf2+ 34.Kh1 Qe3 
35.Qxe3 fxe3 36.Kg2 Kf7 37.Kf3 Ke6 38.Kxe3 Ke5 39.Kd3 c5 40.h4 Kf4 41.g5 
Kf3 42.Kd2 Kg4 0-1

[Event "10th EUR-ch (w)"]
[Site "Sankt Petersburg RUS"]
[Date "2009.03.10"]
[Round "3"]
[White "Dolzhikova, Kateryna"]
[Black "Ni, Viktorija"]
[Result "1-0"]
[WhiteElo "2294"]
[BlackElo "2150"]
[EventDate "2009.03.08"]
[PlyCount "73"]

1.e4 c5 2.Nf3 e6 3.c4 Nc6 4.Nc3 e5 5.d3 d6 6.g3 g6 7.Bg2 Bg7 8.O-O Nge7 9.
Ne1 O-O 10.Nc2 Nd4 11.f4 Nec6 12.Nd5 Be6 13.Be3 f5 14.Bxd4 Nxd4 15.Nxd4 
cxd4 16.exf5 gxf5 17.Qh5 Qd7 18.g4 Rae8 19.fxe5 f4 20.Nxf4 Bf7 21.Qf5 Qxf5
22.gxf5 Bxe5 23.Ne6 Bxe6 24.fxe6 b6 25.Bd5 Kg7 26.Rf7+ Rxf7 27.exf7 Re7 
28.a4 a5 29.Rb1 Bf4 30.b4 Bd2 31.bxa5 Bxa5 32.Kf2 Kf8 33.Rg1 Rxf7+ 34.Bxf7
Kxf7 35.Kf3 Kf6 36.Ke4 Bc3 37.Rb1 1-0

[Event "10th EUR-ch (w)"]
[Site "Sankt Petersburg RUS"]
[Date "2009.03.10"]
[Round "3"]
[White "Minina, Veronika"]
[Black "Botsari, Anna-Maria"]
[Result "1/2-1/2"]
[WhiteElo "2125"]
[BlackElo "2289"]
[EventDate "2009.03.08"]
[PlyCount "52"]

1.Nf3 Nc6 2.d4 d5 3.c4 Bg4 4.Nc3 e6 5.Bg5 Be7 6.cxd5 exd5 7.Bxe7 Ngxe7 8.
e3 O-O 9.Be2 Qd6 10.O-O Nd8 11.Nb5 Qb6 12.Ne5 Bxe2 13.Qxe2 c6 14.Nc3 Qc7 
15.Rfc1 Qd6 16.Qc2 Ne6 17.Nd3 Nc8 18.Ne2 Qe7 19.Ng3 Nd6 20.Re1 g6 21.Rac1 
h5 22.Ne2 h4 23.h3 Kg7 24.Nef4 Nxf4 25.Nxf4 Rfe8 26.Qe2 Qg5 1/2-1/2

[Event "10th EUR-ch (w)"]
[Site "Sankt Petersburg RUS"]
[Date "2009.03.10"]
[Round "3"]
[White "Stiazhkina, Olga"]
[Black "Jinova, Lucie"]
[Result "1/2-1/2"]
[WhiteElo "2280"]
[BlackElo "2131"]
[EventDate "2009.03.08"]
[PlyCount "100"]

1.e4 e6 2.d4 d5 3.Nd2 Nf6 4.e5 Nfd7 5.c3 c5 6.f4 Nc6 7.Ngf3 Rb8 8.Be2 b5 
9.O-O b4 10.Kh1 Be7 11.c4 Nb6 12.dxc5 Bxc5 13.Nb3 Be7 14.cxd5 Nxd5 15.Nfd4
Bd7 16.Bf3 O-O 17.Bxd5 exd5 18.Nxc6 Bxc6 19.Nd4 Bd7 20.f5 Qb6 21.Be3 Bc5 
22.f6 Rfe8 23.Qh5 g6 24.Qh6 Bf8 25.Qg5 h6 26.Qg3 Qa6 27.Rae1 Rbc8 28.h4 h5
29.Bg5 Rc4 30.Rf4 Kh7 31.Qf3 Be6 32.Nxe6 Qxe6 33.Rxc4 dxc4 34.Qb7 Kg8 35.
Qxa7 Qd5 36.Qe3 Qa5 37.Bh6 Bd6 38.Bf4 Qxa2 39.Qc1 Bc5 40.Bh6 Qb3 41.Qg5 
Bf2 42.e6 Rxe6 43.Ra1 Re4 44.Bg7 Ba7 45.Rxa7 Qd1+ 46.Kh2 Qd6+ 47.Kh3 Qe6+ 
48.Kh2 Qd6+ 49.Kh3 Qe6+ 50.Kh2 Qd6+ 1/2-1/2

[Event "10th EUR-ch (w)"]
[Site "Sankt Petersburg RUS"]
[Date "2009.03.10"]
[Round "3"]
[White "Lomako, Anna"]
[Black "Yakovich, Yulia"]
[Result "0-1"]
[WhiteElo "2277"]
[BlackElo "2125"]
[EventDate "2009.03.08"]
[PlyCount "66"]

1.e4 e5 2.Nf3 Nc6 3.Bb5 a6 4.Ba4 Nf6 5.Qe2 b5 6.Bb3 Bc5 7.a4 Rb8 8.c3 d6 
9.d3 h6 10.axb5 axb5 11.O-O O-O 12.Be3 Bxe3 13.fxe3 d5 14.Nbd2 Re8 15.Nh4 
Be6 16.Nf5 b4 17.Ba4 Bxf5 18.Rxf5 Re6 19.Bb3 bxc3 20.bxc3 Ne7 21.Rff1 Reb6
22.Rab1 dxe4 23.dxe4 Nc8 24.Rfd1 Nd6 25.Qd3 Qe7 26.Ba2 Rxb1 27.Rxb1 Rxb1+ 
28.Qxb1 Qe8 29.Bd5 Nb5 30.Qd3 c6 31.Bb3 Qd7 32.Qc2 Ng4 33.Nc4 Qa7 0-1

[Event "10th EUR-ch (w)"]
[Site "Sankt Petersburg RUS"]
[Date "2009.03.10"]
[Round "3"]
[White "Petrukhina, Irina"]
[Black "Fakhiridou, Ekaterini"]
[Result "0-1"]
[WhiteElo "1905"]
[BlackElo "2257"]
[EventDate "2009.03.08"]
[PlyCount "96"]

1.d4 Nf6 2.c4 c5 3.d5 e5 4.Nc3 d6 5.e4 Be7 6.Nf3 O-O 7.g3 Ne8 8.Bg2 Nd7 9.
h4 Ndf6 10.Ng5 g6 11.Bd2 Ng7 12.Qe2 a6 13.O-O-O Bd7 14.f4 Nfh5 15.Qf2 b5 
16.f5 b4 17.Ne2 gxf5 18.exf5 Bxf5 19.Be4 Bxe4 20.Nxe4 f5 21.Ng5 Qe8 22.Qf3
Nf6 23.h5 h6 24.Ne6 Nxe6 25.dxe6 Ng4 26.Rdf1 e4 27.Qb3 Bg5 28.Nf4 Bxf4 29.
Bxf4 Qxe6 30.Rd1 Rfd8 31.Rd5 Nf6 32.Rd2 a5 33.Rhd1 a4 34.Qc2 Ne8 35.Rd5 b3
36.axb3 a3 37.bxa3 Rxa3 38.Kd2 Nf6 39.Ke1 Nxd5 40.Rxd5 Qf6 41.Kf2 Qa1 42.
Rd2 Qh1 43.Qd1 Qxd1 44.Rxd1 Rxb3 45.Rd5 Ra8 46.Bxd6 Ra2+ 47.Ke1 Rh2 48.Rd1
Rbb2 0-1

[Event "10th EUR-ch (w)"]
[Site "Sankt Petersburg RUS"]
[Date "2009.03.10"]
[Round "3"]
[White "Arabidze, Meri"]
[Black "Azimova, Karina"]
[Result "1-0"]
[WhiteElo "2246"]
[BlackElo "1940"]
[EventDate "2009.03.08"]
[PlyCount "67"]

1.d4 Nf6 2.c4 e5 3.dxe5 Ng4 4.Nf3 Nc6 5.Bf4 Bb4+ 6.Nbd2 Qe7 7.e3 Ngxe5 8.
Nxe5 Nxe5 9.Be2 O-O 10.O-O d6 11.Nb3 Bf5 12.a3 Bc5 13.Nxc5 dxc5 14.Qd5 
Rfe8 15.Qxb7 Rab8 16.Qxa7 Rxb2 17.Rfe1 Be4 18.Qa5 Qf6 19.Rad1 Qg6 20.Bg3 
h5 21.Qxc7 Kh7 22.Bf1 Ng4 23.Qxc5 h4 24.Bxh4 Re5 25.Qd6 Qh5 26.Bg3 Re6 27.
Qc7 Rf6 28.f3 Bxf3 29.Bd3+ g6 30.gxf3 Rxf3 31.Be2 Nxe3 32.Qxf7+ Rxf7 33.
Bxh5 Rg2+ 34.Kh1 1-0

[Event "10th EUR-ch (w)"]
[Site "Sankt Petersburg RUS"]
[Date "2009.03.10"]
[Round "3"]
[White "Andriasian, Siranush"]
[Black "Mednikova, Svetlana"]
[Result "1-0"]
[WhiteElo "2262"]
[BlackElo "2160"]
[EventDate "2009.03.08"]
[PlyCount "59"]

1.e4 e5 2.Bc4 Nf6 3.d3 Bc5 4.Nf3 Nc6 5.c3 d6 6.Bb3 a6 7.Nbd2 Be6 8.O-O 
Bxb3 9.Nxb3 O-O 10.Qe2 Ba7 11.Nh4 Qd7 12.h3 d5 13.Bg5 dxe4 14.dxe4 Qe6 15.
Qf3 Ne8 16.Be3 Bxe3 17.Qxe3 Nd6 18.Rad1 Rad8 19.Rfe1 Rfe8 20.Qe2 Ne7 21.
Kh2 Qf6 22.g3 g5 23.Ng2 Ng6 24.Nc5 h6 25.Ne3 c6 26.Ng4 Qg7 27.Qf3 Kh8 28.
Nf6 Re6 29.Nxe6 fxe6 30.Rxd6 1-0

[Event "10th EUR-ch (w)"]
[Site "Sankt Petersburg RUS"]
[Date "2009.03.10"]
[Round "3"]
[White "Alexeeva, Alena"]
[Black "Akatova, Ekaterina"]
[Result "0-1"]
[WhiteElo "2039"]
[BlackElo "2261"]
[EventDate "2009.03.08"]
[PlyCount "84"]

1.e4 c5 2.Nc3 Nc6 3.d3 g6 4.Be3 e5 5.g3 d6 6.Bg2 Bg7 7.Qd2 Nge7 8.Nh3 Nd4 
9.Bxd4 cxd4 10.Ne2 O-O 11.f4 f5 12.Nf2 fxe4 13.dxe4 d5 14.fxe5 Bxe5 15.Nd3
Bg7 16.O-O-O dxe4 17.Bxe4 Nf5 18.Bxf5 Bxf5 19.h3 Rc8 20.Kb1 Re8 21.Rde1 
Re3 22.Nef4 g5 23.g4 Be4 24.Ne6 Qd5 25.Nxg7 Rxc2 26.Qxc2 Bxd3 27.Qxd3 Rxd3
28.Nf5 Re3 29.Nxe3 dxe3 30.Rh2 Qf3 31.Ree2 Qe4+ 32.Kc1 Qc4+ 33.Kb1 Qd3+ 
34.Kc1 Qc4+ 35.Kb1 Qe4+ 36.Kc1 Kf7 37.Rhg2 Kf6 38.b3 Ke5 39.Rc2 Qf3 40.Rh2
Kf4 41.Kb2 Kg3 42.Rce2 Qf2 0-1

[Event "10th EUR-ch (w)"]
[Site "Sankt Petersburg RUS"]
[Date "2009.03.10"]
[Round "3"]
[White "Wagener, Anna"]
[Black "Gorbatenko, Kateryna"]
[Result "1/2-1/2"]
[WhiteElo "2255"]
[BlackElo "2071"]
[EventDate "2009.03.08"]
[PlyCount "61"]

1.e4 c5 2.Nf3 Nc6 3.d4 cxd4 4.Nxd4 g6 5.c4 Bg7 6.Be3 Nf6 7.Nc3 Ng4 8.Qxg4 
Nxd4 9.Qd1 Ne6 10.Qd2 Qa5 11.Be2 Bxc3 12.bxc3 d6 13.O-O O-O 14.Rab1 Nc5 
15.Rb5 Qc7 16.e5 Rd8 17.exd6 Rxd6 18.Qc2 Bf5 19.Rxc5 Qxc5 20.Bxc5 Bxc2 21.
Bxd6 exd6 22.Rc1 Ba4 23.Bf3 Rc8 24.Bxb7 Rxc4 25.Kf1 Bc6 26.Bxc6 Rxc6 27.
Ke2 Kf8 28.Kd3 Ra6 29.Rc2 Ke7 30.Kd4 Ra5 31.Rb2 1/2-1/2

[Event "10th EUR-ch (w)"]
[Site "Sankt Petersburg RUS"]
[Date "2009.03.10"]
[Round "3"]
[White "Shaidullina, Sandugach"]
[Black "Della-Rossa, Anastasia"]
[Result "1-0"]
[WhiteElo "2232"]
[BlackElo "1868"]
[EventDate "2009.03.08"]
[PlyCount "51"]

1.d4 Nf6 2.c4 c5 3.d5 b5 4.Nf3 d6 5.cxb5 a6 6.b6 Bb7 7.Nc3 Qxb6 8.e4 Nbd7 
9.a4 a5 10.Bb5 Ba6 11.Nd2 Bxb5 12.Nxb5 Ne5 13.Qe2 g6 14.f4 Ned7 15.Nc4 Qd8
16.O-O Bg7 17.e5 dxe5 18.fxe5 O-O 19.exf6 Nxf6 20.d6 exd6 21.Nbxd6 Nd5 22.
Bd2 Bd4+ 23.Kh1 Bg7 24.Rad1 Ra7 25.Qf3 Nf6 26.Bg5 1-0

[Event "10th EUR-ch (w)"]
[Site "Sankt Petersburg RUS"]
[Date "2009.03.10"]
[Round "3"]
[White "Zizlova, Sofia"]
[Black "Ivakhinova, Inna"]
[Result "0-1"]
[WhiteElo "2020"]
[BlackElo "2225"]
[EventDate "2009.03.08"]
[PlyCount "90"]

1.e4 c5 2.Nf3 d6 3.d4 cxd4 4.Nxd4 Nf6 5.Nc3 a6 6.Be3 e6 7.f3 b5 8.g4 h6 9.
Qd2 Nbd7 10.O-O-O b4 11.Na4 Ne5 12.Qxb4 Bd7 13.b3 Rb8 14.Qc3 Rc8 15.Qd2 
Bxa4 16.bxa4 Nc4 17.Bxc4 Rxc4 18.Qd3 Qc8 19.Nb3 d5 20.e5 Ba3+ 21.Kb1 Nd7 
22.f4 Ke7 23.Bd4 Nc5 24.Bxc5+ Bxc5 25.Rhf1 Bb4 26.f5 Rc3 27.Qd4 Rc4 28.Qd3
Re4 29.fxe6 fxe6 30.Rf2 Rf8 31.Rxf8 Kxf8 32.Rf1+ Kg8 33.Qf3 Rxe5 34.Qf7+ 
Kh7 35.h4 Qc3 36.g5 Re1+ 37.Rxe1 Qxe1+ 38.Nc1 Qe4 39.Nd3 Ba3 40.Qf1 Qxh4 
41.gxh6 Qxh6 42.Ne5 Qe3 43.Nd7 Kg8 44.a5 Qc3 45.Nf6+ Qxf6 0-1